Residential building defects (Record no. 110050)
[ view plain ]
| 000 -LEADER | |
|---|---|
| fixed length control field | 02204cam a22002655a 4500 |
| 001 - CONTROL NUMBER | |
| control field | L148437 |
| 008 - FIXED-LENGTH DATA ELEMENTS--GENERAL INFORMATION | |
| fixed length control field | 090918s2009 xxk f 000 0 eng d |
| 020 ## - INTERNATIONAL STANDARD BOOK NUMBER | |
| International Standard Book Number | 9781842195086 |
| 035 ## - SYSTEM CONTROL NUMBER | |
| System control number | (Sirsi) u148437 |
| 041 0# - LANGUAGE CODE | |
| Language code of text/sound track or separate title | eng |
| 050 04 - LIBRARY OF CONGRESS CALL NUMBER | |
| Classification number | 690.25 $2 18 |
| 100 1# - MAIN ENTRY--PERSONAL NAME | |
| Personal name | Hunt, Geoffrey |
| 245 00 - TITLE STATEMENT | |
| Title | Residential building defects |
| 260 ## - PUBLICATION, DISTRIBUTION, ETC. | |
| Place of publication, distribution, etc. | Coventry |
| Name of publisher, distributor, etc. | RICS |
| Date of publication, distribution, etc. | 2009 |
| 300 ## - PHYSICAL DESCRIPTION | |
| Extent | vi, 228p. |
| Other physical details | col. ill. |
| Dimensions | 30cm. |
| 350 ## - PRICE (NR) (BK AM CF MU VM SE) [OBSOLETE] | |
| Price | 49.95 |
| 505 2# - FORMATTED CONTENTS NOTE | |
| Formatted contents note | Introduction -- Part 1, assessing and remedying building defects: chapter 1, surveying; chapter 2, what a building tells you; chapter 3, local environmnet; chapter 4, dealing with people and defects -- Part 2, residential defects: chapter 5, 1400-1600, the vernacular house, buildings 400 to 600 years old; chapter 6, 1600s, a move towards design, buildings between 300 and 400 years old; chapter 7, 1700s, the Georgian era, buildings 200 to 300 years old; chapter 8, 1800s, into the Victorian era, buildings 100 to 200 years old; chapter 9, 1900s, the twentieth century, buildings up to 100 years old -- Part 3, compendium of defects: chapter 10, top ten residential defects; chapter 11, brick bonds and window types; chapter 12, how to view rooms; chapter 13, how to view roofs; chapter 14, how to view electrical systems; chpater 15, how to assess cracks; chapter 16, water -- Part 4, planning and managing repairs: chapter 17, clint expectations; chapter 18, money and budgets; chapter 19, care over selection of material and contractors; chapter 20, specification writing; chapter 21, managing projects; chapter 22, health and safety |
| 520 ## - SUMMARY, ETC. | |
| Summary, etc. | Provides simple principles for the day to day management and assessment of residential buildings and their defects. Organising defects by era, the book covers what building materials and methods were used originally, what the common defects are, and how they can be remedied. Also offers advice on issues such as how to read buildings and interpret their age, how to deal with occupants and contractors, and how to write effective specifications. |
| 521 ## - TARGET AUDIENCE NOTE | |
| Target audience note | Advanced |
| 590 ## - LOCAL NOTE (RLIN) | |
| Local note | KA |
| 651 #4 - SUBJECT ADDED ENTRY--GEOGRAPHIC NAME | |
| Geographic name | United Kingdom |
| Chronological subdivision | |
| 690 ## - LOCAL SUBJECT ADDED ENTRY--TOPICAL TERM (OCLC, RLIN) | |
| Topical term or geographic name as entry element | BUILT ENVIRONMENT-BUILDING PATHOLOGY |
| 942 ## - ADDED ENTRY ELEMENTS (KOHA) | |
| Suppress in OPAC | 0 |
| Withdrawn status | Lost status | Source of classification or shelving scheme | Damaged status | Not for loan | Home library | Current library | Shelving location | Date acquired | Total Checkouts | Full call number | Barcode | Date last seen | Copy number | Price effective from | Koha item type | Date last checked out |
|---|---|---|---|---|---|---|---|---|---|---|---|---|---|---|---|---|
| Dewey Decimal Classification | London | London | Books | 08/12/2009 | RICS 2009/42 | 30076560 | 06/08/2019 | 1 | 06/08/2019 | Book | ||||||
| Dewey Decimal Classification | London | London | Folio | 08/12/2009 | F690.25 HUN | 30076561 | 06/08/2019 | 1 | 06/08/2019 | Reference material | ||||||
| Dewey Decimal Classification | London | London | Folio | 08/12/2009 | 2 | F690.25 HUN | 30076562 | 06/08/2019 | 2 | 06/08/2019 | Book | 14/05/2010 |